Trials of Apollo - Statistics

General Stats
  • This quiz has been taken 151 times
    148 since last reset
  • The average score is 14 of 20
Answer Stats
Hint Answer % Correct
main character Apollo/ Lester
100%
main character's sister Artemis
94%
main character's father Zeus
94%
^ master and companion Meg
93%
last emperor Nero
93%
god of wine Dionysus
84%
the son of Hades Nico di Angelo
84%
Main characters son and ^ boyfriend Will Solace
81%
Percy Jackson's mother Sally Jackson
80%
roman form of ^ Bacchus
78%
killed jason grace, defeated Caligula
74%
Percy Jackson's step-father Paul Blofis
73%
blinded by main character, defeated Commodus
70%
Main characters mother Leto
68%
snake main character fights Python
68%
Oracle of Delphi Rachel Dare
58%
the Gaul Lu/ Luguselwa
45%
Percy Jackson's little baby sister Estelle Blofis
44%
live underground cave-runners/ troglodytes
37%
CEO of Troglodyte Inc. Screech-Bling
20%
No matching quizzes found
Score Distribution
Percent of People with Each Score
Percentile by Number Answered
Your Score History
You have not taken this quiz since the last reset